[Event "Vojvodina-chT"]
[Site "Sombor"]
[Date "2009.09.30"]
[Round "5"]
[White "Pavlovic, Nenad"]
[Black "Rosic, Slavko S"]
[Result "1-0"]
[WhiteElo "2190"]
[BlackElo "2237"]
[PlyCount "97"]
[EventDate "2009.09.27"]
[EventType "team-swiss"]
[EventRounds "11"]
[EventCountry "YUG"]
[SourceTitle "EXT 2012"]
[Source "ChessBase"]
[SourceDate "2011.11.24"]
[SourceVersion "1"]
[SourceVersionDate "2011.11.24"]
[SourceQuality "1"]

1. e4 e6 2. d4 d5 3. Nd2 Nf6 4. e5 Nfd7 5. Bd3 b6 6. Ne2 Ba6 7. Bxa6 Nxa6 8. 0-0 c5 9. c3 Nc7 10. f4 g6 11. Nf3 Be7 12. Be3 c4 13. Qe1 b5 14. Bf2 a5 15. a3 Nb6 16. Bh4 Na6 17. h3 Bxh4 18. Nxh4 Qe7 19. g4 h5 20. Nf3 hxg4 21. hxg4 0-0-0 22. Kg2 Kb7 23. Ng3 Nb8 24. Rh1 Nc6 25. Ng5 b4 26. axb4 axb4 27. Qd2 b3 28. f5 gxf5 29. gxf5 exf5 30. Nxf5 Qd7 31. Nd6+ Kb8 32. Qf4 Rxh1 33. Rxh1 f6 34. Rh7 fxg5 35. Rxd7 gxf4 36. Rb7+ Ka8 37. Rxb6 Ne7 38. Ra6+ Kb8 39. Rb6+ Ka8 40. Nb5 Nf5 41. Kf3 Rf8 42. Rf6 Nh4+ 43. Kxf4 Ng2+ 44. Kf5 Ne3+ 45. Ke6 Rc8 46. Kd7 Rh8 47. e6 Nd1 48. e7 Rh7 49. Kc6 1-0

[Event "Vojvodina-chT"]
[Site "Sombor"]
[Date "2009.09.30"]
[Round "6"]
[White "Vlatkovic, Milos"]
[Black "Pavlovic, Nenad"]
[Result "1-0"]
[WhiteElo "2302"]
[BlackElo "2190"]
[PlyCount "149"]
[EventDate "2009.09.27"]
[EventType "team-swiss"]
[EventRounds "11"]
[EventCountry "YUG"]
[SourceTitle "EXT 2012"]
[Source "ChessBase"]
[SourceDate "2011.11.24"]
[SourceVersion "1"]
[SourceVersionDate "2011.11.24"]
[SourceQuality "1"]

1. d4 Nf6 2. c4 e6 3. Nc3 Bb4 4. Qc2 0-0 5. a3 Bxc3+ 6. Qxc3 b6 7. Bg5 Bb7 8. Nf3 d6 9. Nd2 Nbd7 10. f3 c5 11. e4 cxd4 12. Qxd4 Qc7 13. Be2 Qc5 14. Be3 a5 15. b3 Rfd8 16. 0-0 Rac8 17. Rfd1 Qc7 18. Qb2 Bc6 19. Rac1 Qb7 20. Nb1 Ne8 21. Nc3 Ne5 22. Nb5 Bxb5 23. cxb5 Nd7 24. Rxc8 Rxc8 25. Rc1 Kf8 26. Rc2 Nef6 27. Qc1 Rxc2 28. Qxc2 Nb8 29. Qc3 Nfd7 30. Bd4 e5 31. Bf2 Ke7 32. Bc4 Qc7 33. Qe3 h6 34. g4 Nc5 35. g5 hxg5 36. Qxg5+ Kf8 37. h4 Qe7 38. Qf5 Nbd7 39. h5 Ne6 40. Kf1 Qf6 41. Qg4 Qh6 42. Bxe6 fxe6 43. Ke2 Qf6 44. Be3 Qf7 45. Qh4 Ke8 46. h6 gxh6 47. Qxh6 d5 48. exd5 exd5 49. Qc6 Qf5 50. Qxd5 Qc2+ 51. Ke1 Qb1+ 52. Ke2 Qb2+ 53. Kd1 Qxa3 54. Qe6+ Qe7 55. Qc6 Kf7 56. Bxb6 Nxb6 57. Qxb6 Qd7+ 58. Ke2 Qh3 59. Qc7+ Kf6 60. Qd6+ Kf7 61. Qxe5 Qg2+ 62. Ke3 Qg1+ 63. Ke4 Qb1+ 64. Kf4 Qxb3 65. Qc7+ Kf6 66. Qd6+ Kf7 67. b6 Qc4+ 68. Kg3 Qf1 69. Qd7+ Kf6 70. Qd4+ Kg5 71. Qe3+ Kh5 72. b7 Qb5 73. Qe4 a4 74. Qh7+ Kg5 75. Qg8+ 1-0

[Event "SCG-chT 4th"]
[Site "Vrnjacka Banja"]
[Date "2006.05.03"]
[Round "3"]
[White "Vajdic, Nikola"]
[Black "Pavlovic, Nenad"]
[Result "0-1"]
[WhiteElo "2265"]
[BlackElo "2088"]
[PlyCount "80"]
[EventDate "2006.05.01"]
[EventType "team"]
[EventRounds "7"]
[EventCountry "YUG"]
[SourceTitle "CBM 112 Extra"]
[Source "ChessBase"]
[SourceDate "2006.07.14"]
[SourceVersion "1"]
[SourceVersionDate "2006.07.14"]
[SourceQuality "1"]

1. d4 Nf6 2. Bg5 d5 3. Bxf6 exf6 4. e3 Bd6 5. c4 dxc4 6. Bxc4 0-0 7. Nc3 Nd7 8. Nf3 f5 9. Qc2 c6 10. Bd3 g6 11. h4 Nf6 12. h5 Be6 13. hxg6 fxg6 14. Ng5 Bd5 15. 0-0-0 Ng4 16. Nf3 Qa5 17. Nxd5 cxd5 18. Kb1 Rac8 19. Qe2 Rce8 20. g3 Re7 21. Nh4 Nf6 22. Bc2 Ne4 23. Rhg1 Kh8 24. Nf3 b5 25. Nd2 b4 26. Nb3 Qb6 27. Rd3 a5 28. Rgd1 a4 29. Nc5 b3 30. axb3 Bxc5 31. dxc5 Nxc5 32. bxa4 Rb7 33. b3 Nxa4 34. Qd2 Rc8 35. Rxd5 Nc3+ 36. Kb2 Nxd1+ 37. Qxd1 Qb4 38. Qd4+ Kg8 39. Rd6 Rxc2+ 40. Kxc2 Qxb3+ 0-1

[Event "Vojvodina-chT"]
[Site "Pancevo"]
[Date "2005.10.05"]
[Round "4"]
[White "Pavlovic, Nenad"]
[Black "Vajdic, Nikola"]
[Result "1/2-1/2"]
[WhiteElo "2088"]
[BlackElo "2257"]
[PlyCount "142"]
[EventDate "2005.10.03"]
[EventType "team"]
[EventRounds "9"]
[EventCountry "YUG"]
[SourceTitle "CBM 108 Extra"]
[Source "ChessBase"]
[SourceDate "2005.11.04"]
[SourceVersion "1"]
[SourceVersionDate "2005.11.04"]
[SourceQuality "1"]

1. e4 c5 2. Nf3 d6 3. d4 cxd4 4. Nxd4 Nf6 5. Nc3 a6 6. Bg5 e6 7. f4 b5 8. e5 dxe5 9. fxe5 Qc7 10. exf6 Qe5+ 11. Be2 Qxg5 12. 0-0 Bc5 13. Kh1 Qe5 14. Nf3 Qxf6 15. Ne4 Qe7 16. Nfg5 0-0 17. Nxf7 Rxf7 18. Rxf7 Kxf7 19. Bh5+ g6 20. Qf3+ Kg8 21. Nxc5 Ra7 22. Nd3 Rc7 23. Qg3 Rxc2 24. Qxb8 gxh5 25. Qg3+ Qg7 26. Rc1 Rxc1+ 27. Nxc1 Qxg3 28. hxg3 Kf7 29. Kg1 Kf6 30. Kf2 Kf5 31. Nd3 Ke4 32. Ke2 e5 33. Nc5+ Kd5 34. Nd3 Kd4 35. Nb4 Kc4 36. Nc6 e4 37. Ke3 Kc5 38. Nd4 Kd5 39. Ne2 Ke5 40. Nc3 Bb7 41. Ne2 Bd5 42. a3 Bc4 43. Nf4 Bf7 44. Ne2 Bg6 45. Nc3 Bf5 46. Na2 Bd7 47. Nc3 Be6 48. Ne2 Kd5 49. b3 Ke5 50. Nc3 Bd5 51. b4 Bc6 52. Nb1 Kd5 53. Nd2 h6 54. Nxe4 Kc4 55. Nc5 Bxg2 56. Nxa6 Kb3 57. Kd4 Kxa3 58. Kc5 Bf1 59. Nc7 Kb3 60. Nxb5 Kc2 61. Nd6 Kd2 62. Nc4+ Ke2 63. b5 Bg2 64. Ne5 Ba8 65. Kb6 Kf2 66. Nc6 Kxg3 67. Ka7 h4 68. Kxa8 h3 69. b6 h2 70. b7 h1Q 71. b8Q+ Kf2 1/2-1/2

[Event "SCG-chT Vojvodina"]
[Site "Sombor"]
[Date "2004.10.01"]
[Round "9.6"]
[White "Ivancevic, Bozidar"]
[Black "Pavlovic, Nenad"]
[Result "1/2-1/2"]
[WhiteElo "2159"]
[BlackElo "2017"]
[PlyCount "91"]
[EventDate "2004.09.25"]
[EventType "team"]
[EventRounds "11"]
[EventCountry "YUG"]
[SourceTitle "CBM 102 Extra"]
[Source "ChessBase"]
[SourceDate "2004.11.03"]
[SourceVersion "1"]
[SourceVersionDate "2004.11.03"]
[SourceQuality "1"]
[WhiteTeam "07"]
[BlackTeam "05"]
[WhiteTeamCountry "YUG"]
[BlackTeamCountry "YUG"]

1. Nf3 Nf6 2. b3 d5 3. Bb2 Bf5 4. g3 h6 5. Bg2 e6 6. 0-0 Nbd7 7. d4 Bd6 8. c4 c6 9. Nc3 0-0 10. Nd2 Re8 11. e4 dxe4 12. Ndxe4 Bf8 13. Qd2 Qc7 14. Rac1 Rad8 15. Rfd1 Qb8 16. Qe2 c5 17. dxc5 Nxe4 18. Nxe4 Nxc5 19. Nxc5 Bxc5 20. Be5 Qc8 21. Bb2 b6 22. Rxd8 Rxd8 23. Rd1 Qc7 24. a3 a5 25. Qe1 Rxd1 26. Qxd1 Qd6 27. Bf3 Qxd1+ 28. Bxd1 Bh3 29. Bc1 Bf5 30. Be3 Bd3 31. Bxc5 bxc5 32. f3 e5 33. Kf2 Kf8 34. Ke3 Bf5 35. Kd2 Ke7 36. Kc3 Kd6 37. b4 axb4+ 38. axb4 cxb4+ 39. Kxb4 Bd3 40. c5+ Kc7 41. Bb3 f5 42. Bd5 g5 43. Kc3 Bb5 44. Be6 f4 45. gxf4 gxf4 46. Bd5 1/2-1/2

[Event "SCG-chT Vojvodina"]
[Site "Sombor"]
[Date "2004.09.29"]
[Round "7.6"]
[White "Vlatkovic, Sinisa"]
[Black "Pavlovic, Nenad"]
[Result "1-0"]
[WhiteElo "2285"]
[BlackElo "2017"]
[PlyCount "103"]
[EventDate "2004.09.25"]
[EventType "team"]
[EventRounds "11"]
[EventCountry "YUG"]
[SourceTitle "CBM 102 Extra"]
[Source "ChessBase"]
[SourceDate "2004.11.03"]
[SourceVersion "1"]
[SourceVersionDate "2004.11.03"]
[SourceQuality "1"]
[WhiteTeam "08"]
[BlackTeam "05"]
[WhiteTeamCountry "YUG"]
[BlackTeamCountry "YUG"]

1. d4 Nf6 2. c4 e6 3. Nc3 Bb4 4. Qc2 0-0 5. a3 Bxc3+ 6. Qxc3 b6 7. Bg5 Bb7 8. f3 h6 9. Bh4 d5 10. cxd5 exd5 11. e3 Re8 12. 0-0-0 Nbd7 13. Kb1 Rc8 14. Bb5 c6 15. Bd3 c5 16. Ne2 Qe7 17. Bf2 cxd4 18. Qxd4 Nc5 19. Ng3 Nxd3 20. Qxd3 Nd7 21. Nf5 Qe6 22. Nd4 Qe7 23. g3 Ne5 24. Qe2 Nc4 25. Nf5 Qd7 26. Ka2 Qa4 27. Rd4 Rc5 28. Be1 Rb5 29. Ka1 Rd8 30. Bc3 Rb3 31. Qxc4 Qxc4 32. Rxc4 dxc4 33. Nd4 Rxd4 34. exd4 Bxf3 35. Re1 Rb5 36. Re8+ Kh7 37. Re7 Bg4 38. Rxf7 Rf5 39. Rxa7 Rf1+ 40. Ka2 Bd1 41. a4 Bh5 42. Rb7 Be8 43. d5 Rf7 44. Rxf7 Bxf7 45. d6 Be8 46. Ka3 Kg6 47. Bd4 b5 48. a5 Kf7 49. Kb4 Ke6 50. Kc5 Bg6 51. Kc6 Be8+ 52. Kc7 1-0